Nuevo régimen complementario de la ley de riesgos del trabajo (Registro nro. 29628)
[ vista simple ]
| 000 -LEADER | |
|---|---|
| fixed length control field | 00340 a2200109 4500 |
| 001 - CONTROL NUMBER | |
| control field | ART_41284 |
| 005 - DATE AND TIME OF LATEST TRANSACTION | |
| control field | 20260410161942.0 |
| 008 - FIXED-LENGTH DATA ELEMENTS--GENERAL INFORMATION | |
| fixed length control field | 260409a |
| 100 1# - MAIN ENTRY--PERSONAL NAME | |
| Personal name | Duarte, David |
| 245 10 - TITLE STATEMENT | |
| Title | Nuevo régimen complementario de la ley de riesgos del trabajo |
| 773 0# - HOST ITEM ENTRY | |
| Title | Temas de derecho laboral |
| Related parts | - Nº 3 (mar. 2017) |
| Record control number | REV27619 |
No hay ítems disponibles.